Doctor Who Characters by Emoji (2005-2013) - Statistics

General Stats
  • This quiz has been taken 68 times
  • The average score is 6 of 10
Answer Stats
Hint Answer % Correct
πŸ€ͺπŸŸ¦πŸ“¦ The Doctor
84%
πŸ‘©β€βš•οΈβž•πŸƒβ€β™€οΈπŸ‘°β€β™€οΈ Donna
78%
πŸ‘©β€βš•οΈ Martha
74%
😑🐺 Rose
69%
πŸ‘§πŸ§³πŸ•°οΈ Amy/Amelia
66%
πŸ‘‚πŸ₯ The Master
60%
πŸ’―πŸšΆβ€β™‚οΈπŸ¦…πŸ—‘οΈπŸš«πŸšΆβ€β™‚οΈπŸ¦…πŸ—‘οΈ Rory
52%
πŸš«πŸ‘§πŸ₯§ Clara
48%
πŸ˜΅πŸš«βž‘οΈπŸ‘€πŸ‘΄ Jack
45%
πŸ’„πŸ‘€πŸ‘‹πŸ¬ River Song
43%
No matching quizzes found
Score Distribution
Percent of People with Each Score
Percentile by Number Answered
Your Score History
You have not taken this quiz